Cambridge global English learner’s book 4 / (Record no. 9747)
[ view plain ]
| 000 -LEADER | |
|---|---|
| fixed length control field | 01532nam a22002417a 4500 |
| 001 - CONTROL NUMBER | |
| control field | 9747 |
| 003 - CONTROL NUMBER IDENTIFIER | |
| control field | FISKH |
| 005 - DATE AND TIME OF LATEST TRANSACTION | |
| control field | 20260204151951.0 |
| 008 - FIXED-LENGTH DATA ELEMENTS--GENERAL INFORMATION | |
| fixed length control field | 260204b cb ||||| |||| 00| 0 eng d |
| 020 ## - INTERNATIONAL STANDARD BOOK NUMBER | |
| International Standard Book Number | 9781107613638 |
| 040 ## - CATALOGING SOURCE | |
| Original cataloging agency | FISKH |
| Language of cataloging | eng |
| Transcribing agency | FISKH |
| Modifying agency | FISKH |
| 050 ## - LIBRARY OF CONGRESS CALL NUMBER | |
| Classification number | PZ7 |
| 082 ## - DEWEY DECIMAL CLASSIFICATION NUMBER | |
| Classification number | 428.2 |
| 100 ## - MAIN ENTRY--PERSONAL NAME | |
| Personal name | Boylan, Jane |
| Relator term | Author |
| 245 ## - TITLE STATEMENT | |
| Title | Cambridge global English learner’s book 4 / |
| Statement of responsibility, etc. | Jane Boylan and Claire Medwell |
| 260 ## - PUBLICATION, DISTRIBUTION, ETC. | |
| Place of publication, distribution, etc. | New York : |
| Name of publisher, distributor, etc. | Cambridge , |
| Date of publication, distribution, etc. | 2015. |
| 300 ## - PHYSICAL DESCRIPTION | |
| Extent | 142 pages : |
| Other physical details | color illustrations ; |
| Dimensions | 28 cm |
| 520 ## - SUMMARY, ETC. | |
| Summary, etc. | Cambridge Global English (1-6) is a six-level Primary course following the Cambridge Primary English as a Second Language Curriculum Framework developed by Cambridge English Language Assessment. Learner's Book 4 provides core input for Stage 4 with nine thematic units of study and five review spreads. Units end with an engaging project and opportunity for self-assessment. Richly illustrated units contain six lessons, each developed around a unifying theme. The materials feature skills-building tasks for listening, reading, writing and speaking. 'Language detective' features focus on language awareness, and 'Tips' boxes on key tips for specific skills. Texts have variety: factual and fictional, dialogue and poetry covering a range of topics. Accompanying Audio CDs (2) include listening material for Stage 4 Learner's and Activity Books. CEFR Level: towards A2. |
| 650 ## - SUBJECT ADDED ENTRY--TOPICAL TERM | |
| Topical term or geographic name entry element | Learner's book |
| 700 ## - ADDED ENTRY--PERSONAL NAME | |
| Personal name | Medwell, Claire |
| Relator term | Author |
| 942 ## - ADDED ENTRY ELEMENTS (KOHA) | |
| Source of classification or shelving scheme | Dewey Decimal Classification |
| Koha item type | Books |
| Suppress in OPAC | No |
| Withdrawn status | Lost status | Source of classification or shelving scheme | Damaged status | Not for loan | Collection | Home library | Current library | Shelving location | Date acquired | Total Checkouts | Full call number | Barcode | Date last seen | Copy number | Price effective from | Koha item type |
|---|---|---|---|---|---|---|---|---|---|---|---|---|---|---|---|---|
| Dewey Decimal Classification | Reference | Footprints International School Library Network Toul Tom Poung Campus | Footprints International School Library Network Toul Tom Poung Campus | Librarian's Shelf TTP | 02/04/2026 | BOY 428.2 PZ7 | 2026-0243 | 02/04/2026 | 1 | 02/04/2026 | Books |
